Les 20 villes les plus peuplées de Charente - Statistiques

Statistiques générales
  • Ce quiz a été pris 70 fois
  • Le résultat moyen est 7 sur 20
Statistiques - réponses
Population Villes % Correct
41 086 Angoulême
100%
18 448 Cognac
91%
9 995 Soyaux
61%
4 732 Barbezieux-Saint-Hilaire
56%
7 753 La Couronne
56%
4 470 Jarnac
49%
3 353 Ruffec
47%
7 356 Ruelle-sur-Touvre
33%
5 193 Champniers
28%
7 525 Saint-Yrieix-sur-Charente
25%
5 662 L'Isle-d'Espagnac
21%
4 188 Brie
18%
3 554 Châteauneuf-sur-Charente
18%
3 248 Magnac-sur-Touvre
18%
3 763 Châteaubernard
14%
3 842 Fléac
11%
4 002 La Rochefoucauld-en-Angoumois
5%
4 312 Roullet-Saint-Estèphe
4%
3 829 Terres-de-Haute-Charente
2%
5 950 Gond-Poutouvre
0%
Aucun quiz correspondant
Distribution des résultats
% des personnes avec chaque résultat
Percentile par nombre de réponses
Votre historique - résultats
Vous n’avez pas pris ce quiz